| 000 | 00657nam a2200181 i 4500 | ||
|---|---|---|---|
| 001 | 57644 | ||
| 003 | ES-MaACL | ||
| 005 | 20250921063025.0 | ||
| 007 | t| | ||
| 008 | 031017s1902 xxk ||||1| spa d | ||
| 100 | 1 |
_aDoyle, Arthur Conan, _cSir, _d1859-1930 _945552 |
|
| 245 | 1 | 3 |
_aLa guerra en Sud Africa _b: sus causas y modo de hacerla / _cpor A. Conan Doyle ; traducida directamente del inglés por Fernando de Arteaga y Pereira. |
| 260 |
_aLondres : _bSmith, Elder and Co, _c1902 ( _fAntonio Marzo) |
||
| 300 |
_a156 p. ; _c21 cm. |
||
| 700 | 1 |
_aArteaga y Pereira, Fernando de. _923439 |
|
| 852 |
_aES-MaACL _jD-1181 |
||
| 999 |
_c57644 _d57644 |
||